| 000 | 00483nam a22001937a 4500 | ||
|---|---|---|---|
| 003 | MPLRDC | ||
| 005 | 20220104123808.0 | ||
| 008 | 210129b ||||| |||| 00| 0 eng d | ||
| 020 | _a7-100-01246-5 | ||
| 082 | _a997.1 XJL | ||
| 100 | _a任继愈主编 | ||
| 245 |
_a中国古代棋艺 _c |
||
| 250 | _a一版一刷 | ||
| 260 |
_a _b商务印书馆 _c1991 |
||
| 300 | _b平 | ||
| 490 | _a中国文化史知识丛书 | ||
| 650 | _a智力游戏--棋艺 | ||
| 942 |
_cBK _o997.1 XJL |
||
| 999 |
_c14252 _d14242 |
||